Brills New Pauly : encyclopaedia of the ancient world : Antiquity
Αποθηκεύτηκε σε:
| Άλλοι συγγραφείς: | , |
|---|---|
| Μορφή: | Βιβλίο |
| Γλώσσα: | English German |
| Δημοσίευση: |
Leiden :
Brill,
2002-2007.
|
| Θέματα: | |
| Ετικέτες: |
Προσθήκη ετικέτας
Δεν υπάρχουν, Καταχωρήστε ετικέτα πρώτοι!
|
MARC
| LEADER | 00000cam a2200000 i 4500 | ||
|---|---|---|---|
| 001 | 1/103882 | ||
| 008 | 090407m20022007ne | ||| |||| ||eng|| | ||
| 020 | |a 900412259- (set) | ||
| 020 | |a 9004122583 (τ.1) | ||
| 020 | |a 9004122656 (τ.2) | ||
| 020 | |a 9004122664 (τ.3) | ||
| 020 | |a 9004122672 (τ.4) | ||
| 020 | |a 9004122680 (t.5) | ||
| 020 | |a 9004122699 (τ.6) | ||
| 020 | |a 9004122792 (τ.7) | ||
| 020 | |a 9004122710 (τ.8) | ||
| 020 | |a 9004122729 (τ.9) | ||
| 020 | |a 9789004142152 (τ.10) | ||
| 020 | |a 9789004142169 (τ.11) | ||
| 035 | |l 10104218 | ||
| 040 | |a GR-MyUA |b gre |e AACR2 | ||
| 041 | 1 | |a eng |h ger | |
| 082 | 0 | |a 930 |2 (22) | |
| 245 | 1 | 0 | |a Brills New Pauly : |b encyclopaedia of the ancient world : Antiquity / |c edited by Hubert Cancik and Helmuth Schneider. |
| 260 | |a Leiden : |b Brill, |c 2002-2007. | ||
| 300 | |a 11 τ. : |b εικ., χάρτες ; |c 28 εκ. | ||
| 500 | |a Τίτλος πρωτοτύπου: Neue Pauly. | ||
| 504 | |a Περιέχει βιβλιογραφικές παραπομπές. | ||
| 505 | 0 | |a Τ.1 A-Ariτ.2 Ark-Casτ.3 Cat-Cypτ.4 Cyr-Epyτ.5 Equ-Hasτ.6 Hat-Jusτ.7 K-Lycτ.8 Lyd-Mineτ.9 Mini-Obeτ.10 Obl-Pheτ.11 Phi-Prok. | |
| 650 | 0 | 0 | |a Classical dictionaries. |
| 650 | 0 | 0 | |a Civilization, Classical |x Encyclopedias. |
| 700 | 1 | |a Cancik, Hubert, |e edt | |
| 700 | 1 | |a Schneider, Helmuth, |e edt | |
| 852 | |a INST |b LESVOS |e 20090408 |h 930 BRI |p 005100039891 |q 005100039891 |t REF |y 23 |z τ.1 | ||
| 852 | |a INST |b LESVOS |e 20090408 |h 930 BRI |p 005100039892 |q 005100039892 |t REF |y 23 |z τ.2 | ||
| 852 | |a INST |b LESVOS |e 20090408 |h 930 BRI |p 005100039893 |q 005100039893 |t REF |y 23 |z τ.3 | ||
| 852 | |a INST |b LESVOS |e 20090408 |h 930 BRI |p 005100039894 |q 005100039894 |t REF |y 23 |z τ.4 | ||
| 852 | |a INST |b LESVOS |e 20090408 |h 930 BRI |p 005100039895 |q 005100039895 |t REF |y 23 |z τ.5 | ||
| 852 | |a INST |b LESVOS |e 20090408 |h 930 BRI |p 005100039896 |q 005100039896 |t REF |y 23 |z τ.6 | ||
| 852 | |a INST |b LESVOS |e 20090408 |h 930 BRI |p 005100039897 |q 005100039897 |t REF |y 23 |z τ.7 | ||
| 852 | |a INST |b LESVOS |e 20090408 |h 930 BRI |p 005100039898 |q 005100039898 |t REF |y 23 |z τ.8 | ||
| 852 | |a INST |b LESVOS |e 20090408 |h 930 BRI |p 005100039899 |q 005100039899 |t REF |y 23 |z τ.9 | ||
| 852 | |a INST |b LESVOS |e 20090408 |h 930 BRI |p 005100039900 |q 005100039900 |t REF |y 23 |z τ.10 | ||
| 852 | |a INST |b LESVOS |e 20090408 |h 930 BRI |p 005100039901 |q 005100039901 |t REF |y 23 |z τ.11 | ||
| 852 | |a INST |b LESVOS |e 20090408 |h 930 BRI |p 005100039891 |q 005100039891 |t REF |v τ.1: |y 23 |z τ.1 | ||
| 852 | |a INST |b LESVOS |e 20090408 |h 930 BRI |p 005100039892 |q 005100039892 |t REF |v τ.2: |y 23 |z τ.2 | ||
| 852 | |a INST |b LESVOS |e 20090408 |h 930 BRI |p 005100039893 |q 005100039893 |t REF |v τ.3: |y 23 |z τ.3 | ||
| 852 | |a INST |b LESVOS |e 20090408 |h 930 BRI |p 005100039894 |q 005100039894 |t REF |v τ.4: |y 23 |z τ.4 | ||
| 852 | |a INST |b LESVOS |e 20090408 |h 930 BRI |p 005100039895 |q 005100039895 |t REF |v τ.5: |y 23 |z τ.5 | ||
| 852 | |a INST |b LESVOS |e 20090408 |h 930 BRI |p 005100039896 |q 005100039896 |t REF |v τ.6: |y 23 |z τ.6 | ||
| 852 | |a INST |b LESVOS |e 20090408 |h 930 BRI |p 005100039897 |q 005100039897 |t REF |v τ.7: |y 23 |z τ.7 | ||
| 852 | |a INST |b LESVOS |e 20090408 |h 930 BRI |p 005100039898 |q 005100039898 |t REF |v τ.8: |y 23 |z τ.8 | ||
| 852 | |a INST |b LESVOS |e 20090408 |h 930 BRI |p 005100039899 |q 005100039899 |t REF |v τ.9: |y 23 |z τ.9 | ||
| 852 | |a INST |b LESVOS |e 20090408 |h 930 BRI |p 005100039900 |q 005100039900 |t REF |v τ.10: |y 23 |z τ.10 | ||
| 852 | |a INST |b LESVOS |e 20090408 |h 930 BRI |p 005100039901 |q 005100039901 |t REF |v τ.11: |y 23 |z τ.11 | ||
| 853 | |a INST |b LESVOS |h 930 BRI | ||
| 901 | |a BIBL1-2009-1 | ||
| 909 | |a Λ |b 157633 | ||
| 909 | |a Λ |b 157634 | ||
| 909 | |a Λ |b 157635 | ||
| 909 | |a Λ |b 157636 | ||
| 909 | |a Λ |b 157637 | ||
| 909 | |a Λ |b 157638 | ||
| 909 | |a Λ |b 157639 | ||
| 909 | |a Λ |b 157640 | ||
| 909 | |a Λ |b 157641 | ||
| 909 | |a Λ |b 157642 | ||
| 909 | |a Λ |b 157643 | ||
| 922 | |a 1ΕΛΗ |b 200811 |c ΕΠΕΑΕΚ2/ΚΥΒ |d ΜΙΧΑΛΟΠΟΥΛΟΣ | ||
| 970 | |a ΓΙΑΛΑΜΑ |b ΜΑΡΙΑ |z 2009/04/07 | ||